| 000 | 01066pab a2200181 454500 | ||
|---|---|---|---|
| 008 | 180718b2000 xxu||||| |||| 00| 0 eng d | ||
| 100 | _aPacifico, Luigi | ||
| 245 | _aReform: budgeting and financial management | ||
| 260 | _c2000 | ||
| 300 | _ap.367-81 | ||
| 362 | _aFeb-Mar | ||
| 520 | _aIn compliance with the commitments undertaken at the European Union and in harmony with the general restructuring of public administration, a far-reaching budget reform was approved in 1997 changing the philosophy and the structure of the existing budget system and the management of public resources. The new system is based on the linkage between budget allocation and performance, on specification of functions, programs and objectives and assessment of results. This study illustrates the major developments of the previous system and the dramatic changes introduced with the 1997 reform. - Reproduced | ||
| 650 | _aBudget - Italy | ||
| 650 | _aBudget | ||
| 700 | _aSeguiti, Maria Laura | ||
| 773 | _aInternational Journal of Public Administration | ||
| 909 | _a44484 | ||
| 999 |
_c44484 _d44484 |
||